Vanadate and Fluoride Activate Red Cell Na+ Permeability by Different Mechanism

Bibliographic Details
Main Authors: Varečka, Ľudovít, 1948- (Author), Peterajová, Elena (Author), Píšová, E. (Author), Ševčík, J. (Author)
Format: Article
Language:Slovak
English

MARC

LEADER 00000nab a2200000 a 4500
001 vtls010736059
003 SK-MaSNL
005 20260304190641.0
008 250709s1994 xo |||||||||||||||||slo|
035 |a (urnnbn)urn:nbn:sk:snk:ar-a05ibz 
035 |a (uuid)3e432e50-f0de-45ee-80c2-e40b3508439b 
035 |a urn:nbn:sk:snk-ab3xjs 
040 |a SNKBUCL  |b slo  |c SNKBUCL  |e AACR2 
041 0 |a eng 
044 |a xo  |c SK 
100 1 |a Varečka, Ľudovít,  |d 1948-  |4 aut  |9 210644 
245 1 0 |a Vanadate and Fluoride Activate Red Cell Na+ Permeability by Different Mechanism  |c Ľ. Varečka, E. Peterajová, E. Píšová, J. Ševčík 
700 1 |a Peterajová, Elena  |4 aut  |9 8068 
700 1 |a Píšová, E.  |4 aut  |9 1376839 
700 1 |a Ševčík, J.  |4 aut  |9 561027 
773 0 |t General physiology and biophysics : an international journal  |g Roč. 13, č. 2 (1994), s. 127-135 
850 |a Slovenská národná knižnica 
852 |a Slovenská národná knižnica 
958 |a article1 
958 |a OND 
958 |a EUIPO 
999 |c 3050863  |d 3052793